| 000 | 00552nam a2200169 i 4500 | ||
|---|---|---|---|
| 001 | 108065 | ||
| 003 | ES-MaACL | ||
| 005 | 20230906184550.0 | ||
| 007 | t| | ||
| 008 | 070117s1970 sp ||||1| spa d | ||
| 100 | 1 |
_aIzquierdo Navarro, Francisco. _965739 |
|
| 245 | 1 | 3 |
_aLa tercera sociedad _b: un estudio prospectivo sobre la inminente revolución comercial y social / _cFrancisco Izquierdo Navarro. |
| 250 | _a1ª ed. | ||
| 260 |
_aBarcelona : _bOikos-Tau, _c1970. |
||
| 300 |
_a353 p. : _bil. ; _c22 cm. |
||
| 852 |
_aES-MaACL _jC-46131 _bR.73149 |
||
| 999 |
_c108065 _d108065 |
||